| 000 | 00000nam##2200000za#4500 |
| 001 | 9.644298 |
| 003 | CaOODSP |
| 005 | 20250506145324 |
| 007 | cr ||||||||||| |
| 008 | 150407|1986||||xxc|||||o f|0| 0 fre|d |
| 040 | |aCaOODSP|bfre |
| 043 | |an-cn--- |
| 086 | 1 |aA53-1456/1986F-PDF |
| 110 | 1 |aCanada.|bAgriculture Canada. |
| 245 | 10|aProduction de viande de boucherie à partir du cheptel laitier / |h[ressource électronique]|c[by] R.J. Forrest and G.L. Roy. |
| 250 | |aRév. |
| 260 | |aOttawa - Ontario : |bAgriculture Canada |c1986. |
| 300 | |a32p.|bill. en couleur, tableaux |
| 500 | |aPublication historique numérisée par Agriculture et Agroalimentaire Canada |
| 504 | |aBibliographie. |
| 590 | |a15-03-Supp|b2015-03-13 |
| 720 | 1 |aForrest, R. J. |
| 720 | 1 |aRoy, G. L. |
| 775 | 08|tBeef production from the dairy herd / |w(CaOODSP)9.700411 |
| 856 | 40|ahttp://publications.gc.ca|qPDF|s2161 Ko|uhttps://publications.gc.ca/collections/collection_2015/aac-aafc/A53-1456-1986-fra.pdf |
| 986 | |aPublication 1456/F |